000 00705nam a22002297a 4500
005 20170124110113.0
010 _aB-031659
020 _c00.00
_a8176292931
035 _aB-031659
037 _bCen Lib/Ret
040 _aDPL
_bEN
082 _a921
_bMAL
100 _aMalhotra, S.L.
_9106135
245 _aLawyer to Mahatma :
_cby S. L. Malhotra
_blife work and transformation of M. K. Gandhi /
260 _aNew Delhi
_bDeep & Deep Publications
_c2001
270 _aF-159,Rajouri Garden
_bNew Delhi
_e110027
300 _aix,413p.
_c20cm(Hb)
500 _aIncludes index
650 _aNationalists
_99248
650 _aStatesmen
_zIndia
_9106136
942 _2ddc
_cEN
_h921
_mMAL
999 _c130538
_d130538